000 00292nam a22001097a 4500
020 _a1851682597
082 _a299
_bWIS
245 _aThe Wisdom of Confucians /
_cCompiled by Zhou Xun and T.H. Barrett
260 _aOxford :
_bOneworld,
_c2001.
300 _a191 p. ;
_c15 cm..
942 _2ddc
_cBK
999 _c591503
_d591503